000 00632nam a2200229Ia 4500
003 GCL
008 140319s9999 xx 000 0 ara d
040 _aGCL /
_cGCL
082 0 4 _a414.3
_bب ل
100 1 _aمنذر عياشى
245 1 0 _aلذة النص /
_cمنذر عياشى
700 1 _aروىن جيات
700 1 _aمنتدر عياشى
260 _a[S.N] :
_bمركز الانماء الحضارى ،
_c1992
300 _a115 ص
490 _a
650 0 4 _aالاسلوب , علم
650 0 4 _aالبلاغة العربية
650 0 4 _aالترجمة
650 0 4 _aالابداع
942 _2ddc
_cBK
999 _c57564
_d57564